000 00604nam a22002177a 4500
003 UA-OsUOA
001 77121
007 ta
008 20110901b un ||||| |||| 00| 0 ukr d
100 _aКорженевский Н.И.
090 _a330
_bК66
942 _cSA
040 _aUA-OsUOA
_brus
_cUA-OsUOA
_dUA-OsUOA
245 _aСмена парадигмы центробанкинга
300 _aС.51-64
955 _a0
041 _arus
080 _a330
773 0 _w77119
_tМеждународная экономика
_dМ.
_d2011
_g5
650 7 _a330 Економіка взагалі
_2UDC
999 _c363426
_d363426